Peer reviewed : Equilibrium sampling devices /
محفوظ في:
| مؤلفون آخرون: | , , , |
|---|---|
| التنسيق: | مقال |
| اللغة: | English |
| الموضوعات: | |
| الوسوم: |
إضافة وسم
لا توجد وسوم, كن أول من يضع وسما على هذه التسجيلة!
|
| Thư viện lưu trữ: | Thư viện Trường Đại học Đà Lạt |
|---|
| LEADER | 00894nam a2200313 4500 | ||
|---|---|---|---|
| 001 | DLU090093669 | ||
| 005 | ##20091201 | ||
| 040 | # | # | |a DLU |b eng |
| 041 | # | # | |a eng |
| 044 | # | # | |a us |
| 245 | # | # | |a Peer reviewed : Equilibrium sampling devices / |c Phili Mayer ... [et al.]. |
| 653 | # | # | |a Equilibrium state |
| 653 | # | # | |a Passive detection |
| 653 | # | # | |a Pollutants |
| 653 | # | # | |a Pollution |
| 700 | # | # | |a Hermens, Joop L. M. |
| 700 | # | # | |a Mackay, Donald. |
| 700 | # | # | |a Mayer, Phili. |
| 700 | # | # | |a Tolls, Johannes. |
| 773 | # | # | |t Environmental Science & Technology |g Vol. 37, no. 9 (May 2003), p. 184A-191A |
| 920 | # | # | |a Phòng Tạp chí -- Trung tâm Thông tin - Thư viện Trường Đại học Đà Lạt |
| 994 | # | # | |a DLU |
| 900 | # | # | |a True |
| 911 | # | # | |a Trương Bảo Trâm Anh |
| 925 | # | # | |a G |
| 926 | # | # | |a A |
| 927 | # | # | |a BB |
| 980 | # | # | |a Thư viện Trường Đại học Đà Lạt |